Language homework assignments, level 3. (Record no. 102083)
[ view plain ]
| 000 -LEADER | |
|---|---|
| fixed length control field | 00483nam a2200169 a 4500 |
| 005 - DATE AND TIME OF LATEST TRANSACTION | |
| control field | 20140412111227.0 |
| 008 - FIXED-LENGTH DATA ELEMENTS--GENERAL INFORMATION | |
| fixed length control field | 010522s19uu xx 00 eng d |
| 020 ## - INTERNATIONAL STANDARD BOOK NUMBER | |
| International Standard Book Number | 1-86311-548-X |
| 050 ## - LIBRARY OF CONGRESS CALL NUMBER | |
| Classification number | TR(GS 372.6 |
| Item number | La3 1998 |
| 245 ## - TITLE STATEMENT | |
| Title | Language homework assignments, level 3. |
| 260 ## - PUBLICATION, DISTRIBUTION, ETC. (IMPRINT) | |
| Place of publication, distribution, etc | Greenwood, WA : |
| Name of publisher, distributor, etc | R. I. C. Publications, |
| Date of publication, distribution, etc | 1998. |
| 300 ## - PHYSICAL DESCRIPTION | |
| Extent | 42p. ; ill. |
| 520 ## - SUMMARY, ETC. | |
| Summary, etc | Reviewing language skills at home. |
| 650 ## - SUBJECT ADDED ENTRY--TOPICAL TERM | |
| Topical term or geographic name as entry element | Title. |
| 650 ## - SUBJECT ADDED ENTRY--TOPICAL TERM | |
| Topical term or geographic name as entry element | English language |
| Withdrawn status | Lost status | Damaged status | Home library | Current library | Shelving location | Date acquired | Source of acquisition | Total Checkouts | Full call number | Barcode | Date last seen | Price effective from | Koha item type |
|---|---|---|---|---|---|---|---|---|---|---|---|---|---|
| Elizalde Library | Elizalde Library | Teachers Reference Section | 05/22/2001 | TR(GS 372.6 La3 1998 | E0476 | 04/12/2014 | 04/12/2014 | Books |